000 00352nam a2200145 a 4500
020 _a0801674905
040 _cDLC
082 _a547 MOS 1996 C342 Or.
100 _aMosby
245 1 0 _aOrganic chemistry /
300 _axviii, 1,121 pages :
_billustrations ;
_c26 cm
650 0 _aChemistry, Organic.
700 1 _aStermitz, Frank R.
942 _cAEDBB
999 _c22526
_d22526